Byzantium

Αποθηκεύτηκε σε:
Λεπτομέρειες βιβλιογραφικής εγγραφής
Άλλοι συγγραφείς: Yanagi, Munemoto 1917-
Μορφή: Βιβλίο
Γλώσσα:English
German
Δημοσίευση: London : Cassell, 1978
Σειρά:Monuments of civilization
Θέματα:
Ετικέτες: Προσθήκη ετικέτας
Δεν υπάρχουν, Καταχωρήστε ετικέτα πρώτοι!

MARC

LEADER 00000nam a2200000 i 4500
001 1/34381
008 950828t1978 eng d
020 |a 0304301930 
035 |l 10024106 
040 |a GR-MY-UA  |b gre  |e aacr 
041 1 |a eng  |h ger 
082 0 |a 709.02 
245 1 0 |a Byzantium /  |c text by Munemoto Yanagi ... [et al.] ; translated from the German by Nicholas Fry 
260 |a London :   |b Cassell,   |c 1978 
300 |a 187 p.;  |b col. ill.;  |c 34 cm 
490 1 |a Monuments of civilization 
650 0 0 |a Art, Byzantine. 
650 0 0 |a Art, Medieval  |x Byzantine influences. 
650 0 0 |a Speeches, addresses, etc. 
700 1 |a Yanagi, Munemoto  |d 1917- 
830 0 |a Monuments of civilization 
852 |a INST  |b CHIOS  |e 19950828  |h 709.02 YAN  |p 005200015712  |q 005200015712  |t BK  |y 0 
909 |a Χ  |b 016197